| 000 | 00731nam a2200205Ia 4500 | ||
|---|---|---|---|
| 001 | 13241 | ||
| 008 | 250715b |||||||| |||| 00| 0 spa d | ||
| 020 | _a978-84-493-2224-2 | ||
| 041 | _aspa / eng | ||
| 082 | _a320.01 R26y | ||
| 100 | _aRawls, John, (1921- 2002) | ||
| 240 | _aLectures of the History of Political Philosophy | ||
| 245 |
_aLecciones sobre la historia de la filosofía política / _cpor John Rawls; ed. Samuel Freeman; Albino Santos Mosquera trad. |
||
| 260 |
_aBarcelona: _bPaidos, 2009 |
||
| 300 | _a581p. : il. | ||
| 490 | _aPaidos básica, Ibérica No.131 | ||
| 650 | _aCiencia Política-Filosofía-Historia | ||
| 700 | _aI.Freeman, Samuel Richard, ed. | ||
| 700 | _aII.Santos Mosquera, Albino; trad. | ||
| 999 |
_c232995 _d232995 |
||